Home Print Resources E-Books E-Journals IIMT Lecture Series Library Membership Form Book Recommendation Form Campus Tour Take AdmissionAbout Us Contact Us

REVIEW OF MEDICAL PHYSIOLOGY (Record no. 58016)

000 -LEADER
fixed length control field 00375nam a22001577a 4500
003 - CONTROL NUMBER IDENTIFIER
control field OSt
005 - DATE AND TIME OF LATEST TRANSACTION
control field 20240125163809.0
008 - FIXED-LENGTH DATA ELEMENTS--GENERAL INFORMATION
fixed length control field 240125b |||||||| |||| 00| 0 eng d
020 ## - INTERNATIONAL STANDARD BOOK NUMBER
International Standard Book Number 9789356963269
040 ## - CATALOGING SOURCE
Transcribing agency IIMT UNIVERSIRY
100 ## - MAIN ENTRY--PERSONAL NAME
Personal name SEMBULINGAM K
245 ## - TITLE STATEMENT
Title REVIEW OF MEDICAL PHYSIOLOGY
260 ## - PUBLICATION, DISTRIBUTION, ETC.
Place of publication, distribution, etc. NEW DELHI
Name of publisher, distributor, etc. JAYPEEE
Date of publication, distribution, etc. 2023
300 ## - PHYSICAL DESCRIPTION
Extent 203
942 ## - ADDED ENTRY ELEMENTS (KOHA)
Source of classification or shelving scheme
Koha item type Book Bank
Holdings
Withdrawn status Lost status Source of classification or shelving scheme Damaged status Not for loan Home library Current library Date acquired Source of acquisition Coded location qualifier Total Checkouts Full call number Barcode Date last seen Price effective from Koha item type
          IIMT University Central Library Meerut IIMT University Central Library Meerut 01/25/2024 JAYPEE MEDICAL SC   612 SEM 01-B-141314 01/25/2024 01/25/2024 Book Bank
          IIMT University Central Library Meerut IIMT University Central Library Meerut 01/25/2024 JAYPEE MEDICAL SC   612 SEM 01-B-141315 01/25/2024 01/25/2024 Book Bank
IIMT, Central Library. All Rights Reserved IIMT,UNIVERSITY © 2023
Implemented and Customised by I CLOUDE EMS
You Are OPAC Visitor No
free web counter

Powered by Koha